|
|
|
|
| LEADER |
01191nam a2200253 a 4500 |
| 001 |
4631815 |
| 008 |
091117s1978 nyua b i001 0 eng d |
| 010 |
|
|
|a 78108572
|
| 040 |
|
|
|a DLC
|c DLC
|d DLC
|
| 082 |
0 |
0 |
|a 658.2/1
|2 18
|
| 110 |
2 |
|
|a United Nations Industrial Development Organization.
|
| 245 |
1 |
0 |
|a Manual for the preparation of industrial feasibility studies /
|c United Nations Industrial Development Organization.
|
| 260 |
|
|
|a New York :
|b United Nations,
|c 1978.
|
| 300 |
|
|
|a vii, 258 p. :
|b ill. ;
|c 24 cm.
|
| 490 |
1 |
|
|a [Document] - United Nations ; ID/206
|
| 500 |
|
|
|a "United Nations publication. Sales no.: E.78.II.B.5."
|
| 504 |
|
|
|a Includes bibliographies and index.
|
| 541 |
1 |
|
|e 00002314
|
| 650 |
|
0 |
|a Industrial promotion
|z Developing countries
|x Handbooks, manuals, etc.
|
| 650 |
|
0 |
|a Industries
|z Developing countries
|x Handbooks, manuals, etc.
|
| 650 |
|
0 |
|a Economic development
|x Handbooks, manuals, etc.
|
| 852 |
4 |
|
|a Ayesha Abed Library
|j General Shelf
|
| 999 |
|
|
|c 5576
|d 5576
|
| 952 |
|
|
|0 0
|1 0
|2 ddc
|4 0
|6 658_210000000000000_MAN_1978
|7 0
|9 5472
|a BRACUL
|b BRACUL
|c GEN
|d 2009-11-17
|g 0.00
|l 0
|o 658.21 MAN
|p 3010002314
|r 2009-11-17
|t 1
|w 2009-11-17
|y BK
|x No price found in the accession register.
|